|
|
|
|
| LEADER |
01234npc a2200301 i 4500 |
| 001 |
eta2264 |
| 005 |
20201124103752.0 |
| 008 |
190917s2018 hu o 0|| hun d |
| 040 |
|
|
|a SZTE Elektronikus Tananyag Archívum
|b hun
|
| 041 |
|
|
|a hun
|
| 100 |
1 |
|
|a Hegedűs Péter
|
| 245 |
1 |
0 |
|a Vállalati információs rendszerek
|h [elektronikus dokumentum] /
|c Hegedűs Péter
|
| 246 |
1 |
0 |
|a Enterprise information systems
|h [elektronikus dokumentum]
|
| 260 |
|
|
|c 2018
|
| 300 |
|
|
|a 337
|
| 650 |
|
4 |
|a Természettudományok
|
| 650 |
|
4 |
|a Számítás- és információtudomány
|
| 650 |
|
4 |
|a Számítástudomány, információtudomány és bioinformatika
|
| 650 |
|
4 |
|a Szoftvermérnökség, operációs rendszerek, gépi nyelvek
|
| 650 |
|
4 |
|a Szoftvertervezés és -fejlesztés
|
| 650 |
|
4 |
|a Szoftverarchitektúra
|
| 650 |
|
4 |
|a Titkosítás, biztonság, magánszféra, kvantumkriptológia
|
| 650 |
|
4 |
|a Számítástechnikai biztonság
|
| 650 |
|
4 |
|a Informatikai biztonság
|
| 650 |
|
4 |
|a Szerverek és adatközpontok számítástechnikája
|
| 650 |
|
4 |
|a Szolgáltatás-orientált architektúrák
|
| 650 |
|
4 |
|a Informatika és információs rendszerek
|
| 856 |
4 |
0 |
|u https://eta.bibl.u-szeged.hu/2264/1/VIR-eloadas-merged.pdf
|z Dokumentum-elérés
|